15 Największych Polskich miast - Statystyki

Ogólne statystyki
  • Ten quiz został rozwiązany 50 razy
  • Średni wynik to 12 z 15
Statystyki odpowiedzi
Hint Odpowiedź % Poprawnych
1,79 mln Warszawa
100%
471 tys. Gdańsk
98%
780 tys. Kraków
98%
530 tys. Poznań
95%
668 tys. Łódź
90%
641 tys. Wrocław
90%
289 tys. Katowice
83%
396 tys. Szczecin
83%
296 tys. Białystok
74%
342 tys. Bydgoszcz
71%
244 tys. Gdynia
69%
338 tys Lublin
60%
198 tys. Rzeszów
60%
208 tys. Radom
55%
216 tys. Czestochowa
43%
Nie znaleziono quizów pasujących do podanych kryteriów
Rozkład punktacji
Procent ludzi z każdym wynikiem
Percentyl według liczby udzielonych odpowiedzi
Twoja historia wyników
Nie rozwiązałeś tego quizu